Every european countries looks least similar to every country - Statistics

General Stats
  • This quiz has been taken 33 times
  • The average score is 26 of 41
Answer Stats
Country Score Least similar country % Correct
Bulgaria 37.9 Niger
86%
Greece 35.3 Niger
86%
United Kingdom 29.5 Chad
82%
Austria 32.5 Somalia
82%
Georgia 40.5 Somalia
82%
Lithuania 35.6 Somalia
82%
Luxembourg 30.7 Somalia
82%
Montenegro 41.1 Somalia
82%
Norway 31 Somalia
82%
Romania 39.7 Somalia
82%
Serbia 38.9 Somalia
82%
Slovakia 37.4 Somalia
82%
Switzerland 30.3 Somalia
82%
Belgium 31.5 Sudan
73%
Estonia 34.5 Sudan
73%
France 33.8 Sudan
73%
Iceland 31.6 Sudan
73%
Italy 34.6 Sudan
73%
Netherlands 30.4 Sudan
73%
Poland 36.8 Sudan
73%
Portugal 35.8 Sudan
73%
Slovenia 35.5 Sudan
73%
Croatia 37 Eritrea
59%
Czech Republic 34.3 Eritrea
59%
Denmark 31.5 Eritrea
59%
Germany 30.6 Eritrea
59%
Ireland 31 Eritrea
59%
Latvia 35.8 Eritrea
59%
Sweden 31.8 Eritrea
59%
Finland 31.5 Yemen
50%
Hungary 36.7 Yemen
50%
Belarus 35.4 Papua New Guinea
45%
North Macedonia 40.4 Papua New Guinea
45%
Albania 43.4 Singapore
32%
Armenia 39.6 Solomon Islands
32%
Azerbaijan 38.6 Solomon Islands
32%
Bosnia & Herzegovina 40.8 Solomon Islands
32%
Moldova 41.2 Solomon Islands
32%
Russia 36.1 Solomon Islands
32%
Ukraine 36.9 Solomon Islands
32%
Cyprus 37.4 Democratic Republic the Congo
9%
No matching quizzes found
Score Distribution
Percent of People with Each Score
Percentile by Number Answered
Your Score History
You have not taken this quiz